00829nam a22002417a 4500003000900000005001700009008003800026020001500064040002200079082001600101100001700117245006500134260007700199300003000276490001300306500002100319830001300340942001200353945002700365952015300392956002500545999001700570DO-SdBNP20180216132141.0161031b 2006 xxu a 1 00| 0 spa d a0765277395 aBPMSUbspacBPMSU axxxxbL269c1 aLang, Thomas10aCruzando fronteras : brelatos de inmigrantes /cThomas Lang aEstados Unidos : bCelebration Press, bPearson Learning Group , c2006. a24 p. : bil. ; c25 cm. 1 aiOpeners aIncluye glosario 0aiOpeners 2ddccBK aInventariado, 2018/ YL 00102ddc40708CI-GaBPMETbBPMETd2017-10-20eDonado por el Despacho de la Primera Damal0oxxxx L269cpBPMSU17100100r2017-10-20w2017-10-20yBK aYLOCKWARDb10cBPMSU c12657d12657